Código aeronáutico: concordancias. Historia de la ley. Jurisprudencia. Notas explicativas e índice temático
Guardado en:
| Autor Corporativo: | |
|---|---|
| Otros Autores: | |
| Formato: | Libro |
| Lenguaje: | español |
| Publicado: |
Santiago, Chile:
Legal Publishing; Thomson Reuters,
2012
|
| Edición: | Primera edición. |
| Colección: | Códigos Profesionales 2012
|
| Materias: | |
| Etiquetas: |
Agregar Etiqueta
Sin Etiquetas, Sea el primero en etiquetar este registro!
|
MARC
| LEADER | 00000cam a2200000 a 4500 | ||
|---|---|---|---|
| 001 | UCF1502 | ||
| 003 | CL-VaPUC | ||
| 005 | 20250429105020.0 | ||
| 008 | 120706e20120000CL |||||||||||||||||spa|d | ||
| 999 | |c 348249 |d 348247 | ||
| 020 | |a 9789563461558 | ||
| 040 | |c Pontificia Universidad Católica de Valparaíso | ||
| 082 | 0 | 4 | |a 343.83097 CHI 2012 |2 21 |
| 110 | 1 | |a Chile |9 890760 | |
| 245 | 1 | 0 | |a Código aeronáutico: concordancias. Historia de la ley. Jurisprudencia. Notas explicativas e índice temático |
| 250 | |a Primera edición. |b Actualizada al 9 de febrero de 2012. | ||
| 260 | |a Santiago, Chile: |b Legal Publishing; |b Thomson Reuters, |c 2012 | ||
| 300 | |a 295 páginas | ||
| 490 | 0 | |a Códigos Profesionales 2012 | |
| 505 | |a -Título Preliminar. -Título I. De la infraestructura aeronáutica. -Título II. De la aeronave. -Título III. Del personal aeronáutico. -Título IV. De la circulación aérea. -Título V. De la aeronáutica no comercial. -Título VI. De la aeronáutica comercial. -Título VII. Del explotador. -Título VIII. De los contratos aeronáuticos. -Título IX. De la responsabilidad aeronáutica. -Título X. De la búsqueda, asistencia y salvamento de aeronaves. -Título XI. De la investigación de accidentes e incidentes de aviación. -Título XII. De la autoridad aeronáutica y de las infracciones a la ley y reglamentos aeronáuticos. -Título XIII. De los delitos contra la seguridad de la aviación civil. Apéndice: -Ley N.º 16.752. Fija organización y funciones y establece disposiciones generales a la Dirección General de Aeronáutica Civil. (D.O. de 17 de febrero de 1968) -Decreto Supremo N.º 148. Aprueba Reglamento del Procedimiento Infraccional Aeronáutico (DAR-51). (D.O. de 25 de noviembre de 2004) -Decreto con Fuerza de Ley N.º 241. Fusiona y reorganiza diversos servicios relacionados con la Aviación Civil. (D.O. de 6 de abril de 1960) -Decreto Ley N.º 2.564. Dicta normas sobre aviación comercial, modifica los Decretos con Fuerza de Ley números 221, de 1931, y 241, de 1960, y deroga los preceptos que señala. (D.O. de 22 de junio de 1979) -Decreto N.º 509 bis. Promulga Convenio de Aviación Civil Internacional (OACI). (D.O. de 6 de diciembre de 1957) -Decreto N.º 538. Aprueba Acuerdo relativo al tránsito de los Servicios Aéreos Internacionales. (D.O. de 24 de octubre de 1974) -Decreto N.º 711. Aprueba Convenio sobre las Infracciones y ciertos otros actos cometidos a bordo de las aeronaves. (D.O. de 17 de diciembre de 1974) -Decreto N.º 147. Aprueba Convenio para la represión del apoderamiento Ilícito de Aeronaves. (D.O. de 19 de abril de 1972) -Decreto N.º 736. Promulga Convenio para la represión de actos ilícitos contra la seguridad de la Aviación Civil. (D.O. de 11 de diciembre de 1975) -Decreto N.º 519. Promulga el Protocolo para la represión de actos ilícitos de violencia en los aeropuertos que presten servicios a la Aviación Civil Internacional, complementario del Convenio para la represión de actos ilícitos contra la seguridad de la Aviación Civil, de 1971. (D.O. de 9 de septiembre de 1989) -Decreto N.º 458. Convenio para la Unificación de ciertas reglas relativas al Transporte Aéreo Internacional de 12 de octubre de 1929, en Varsovia, y al Protocolo que lo modifica de 28 de septiembre de 1955, en la Haya. (D.O. de 13 de agosto de 1979) -Decreto N.º 1.383. Promulga los Protocolos Adicionales N.°s 1 y 2 al Convenio para la Unificación de ciertas reglas relativas al Transporte Aéreo Internacional, de 1929. (D.O. de 9 de diciembre de 1997) -Decreto N.º 56. Promulga el Convenio para la Unificación de ciertas Reglas para el Transporte Aéreo Internacional (D.O. de 19 de mayo de 2009) -Decreto N.º 289. Promulga Convenio relativo al Reconocimiento Internacional de Derechos sobre Aeronaves. (D.O. de 13 de junio de 1961) -Decreto Supremo N.º 113. Reglamenta artículo 133 de Ley N.º 18.916, Código Aeronáutico. (D.O. de 7 de julio de 2000) | ||
| 583 | |a last modification |c 20120706 10:37:00 |k Rodrigo Vera | ||
| 650 | 1 | |a Aeronáutica |x Aspectos jurídicos |z Chil |9 902455 | |
| 650 | 1 | |a Aeronáutica |x Legislación |z Chile |9 880595 | |
| 650 | 1 | |a Derecho aéreo |z Chile |9 880596 | |
| 700 | |a Ibáñez Bafalluy, José Luis |e director |9 861463 | ||
| 942 | |c BK |2 ddc | ||
| 945 | |d 20120706 00:00:00 |a dcastane | ||
| 952 | |0 0 |1 0 |4 0 |6 343_830970000000000_CHI_2012 |7 0 |8 F |9 450206 |a BIBDER |b BIBDER |d 2019-11-22 |i 4880110 |o 343.83097 CHI 2012 |p 4880110 |r 2023-01-25 |w 2019-11-22 |y BK_F |k DER | ||